000 00762nas a2200217 i 4500
001 2454
003 ES-MaACL
005 20250217134633.0
007 t|
008 950801d18801893sp | | 1 ||pa d
080 _a460
245 0 0 _aJurisprudencia administrativa española.
260 _aMadrid :
_bRevista de los Tribunales (Góngora,
_c1880-1893.
300 _a9 v. ;
_c24 cm.
500 _aFundida con los demás repertorios de jurisprudencia publicados por la Revista de los tribunales para formar : Repertorio de jurisprudencia española. 1894.
650 _aLegislación administrativa.
_914074
785 0 7 _aRepertorios de jurisprudencia española
_d1 ene. 1894
852 _aES-MaACL
_jC-13322-30
866 0 _o1885-93.
999 _c2454
_d2454